Theorizing a Bengali nation : Abul Hashim and the United Bengal movement, 1937-1947 /

"This book explores the philosophical and political roots of the United Bengal movement of 1947 that emerged as a final bid to keep the province united against Partition. Through Abul Hashim, one of its architects, it explores the idea of an independent Bengali nation in the years preceding Ind...

Ful tanımlama

Detaylı Bibliyografya
Yazar: Sen, Sucharita (Yazar)
Materyal Türü: Kitap
Dil:English
Baskı/Yayın Bilgisi: New York ; New Delhi : Routledge, 2024.
Konular:
Classic Catalogue: View this record in Classic Catalogue
LEADER 03593nam a22004338i 4500
001 23516890
003 BD-DhAAL
005 20260225123618.0
008 240112t2024 nyu b 001 0 eng
010 |a  2023059156 
020 |a 9781032233796 
020 |a 9781032587295 
020 |a 9781003451242 
020 |a 9781032905242 
035 |a 23516890 
040 |a DLC  |b eng  |e rda  |c DLC  |d DLC  |d BD-DhAAL 
042 |a pcc 
043 |a a-ii--- 
050 0 0 |a DS485.B49  |b S46135 2024 
082 0 0 |a 954.00882971  |2 23 
100 1 |a Sen, Sucharita,  |e author.  |9 60316 
245 1 0 |a Theorizing a Bengali nation :  |b Abul Hashim and the United Bengal movement, 1937-1947 /  |c Sucharita Sen. 
260 |a New York ;  |a New Delhi :  |b Routledge,  |c 2024. 
300 |a x, 153 pages ;  |c 24 cm 
504 |a Includes bibliographical references and index. 
505 0 |a Preface -- Abbreviations -- Introduction -- Exploring alternative nations and nationalisms: the League's story in Bengal -- Negotiating between religion and culture: theorizing the rationale behind the United Bengal proposal -- A sovereign independent Bengal: bridging the religious gap through 'aesthetic nationalism' -- The formation of a Bengali nation: debating ethnic and civic nationalisms in the 20th century -- Reception of the United Bengal proposal- failure and discontent -- Conclusion -- References -- Index 
520 |a "This book explores the philosophical and political roots of the United Bengal movement of 1947 that emerged as a final bid to keep the province united against Partition. Through Abul Hashim, one of its architects, it explores the idea of an independent Bengali nation in the years preceding Independence and examines the underlying tensions of the concept of a Muslim-led independent Bangalistaan and its repercussions on a sizeable Hindu minority. Focusing on Hashim's writings and political contributions, the monograph highlights his vision of an aesthetic identity rooted within religious principles as well as civic ideals in a new united Bengal, where common law underwritten through religious ideals did not need to be necessarily opposed to western discourses of a modern state. A major, new intervention, this book will be of great interest to scholars and researchers of modern Indian history, especially the Partition, politics and South Asian studies"-- 
526 8 |a GenEd (RS)  |x Syed M Hashemi, PhD Professor School of General Education 
541 1 |a Karim International  |e 45383, 45384 
600 0 0 |a Abul Hashim,  |d 1905-1974  |x Political and social views.  |9 60317 
610 2 0 |a Bengal Provincial Muslim League  |x History. 
650 0 |a Muslims  |x Political activity  |z India  |z Bengal  |x History  |y 20th century.  |9 60318 
651 0 |a Bengal (India)  |x History  |y Partition, 1947. 
651 0 |a Bengal (India)  |x Politics and government  |y 20th century. 
651 0 |a India  |x History  |y Partition, 1947. 
942 |2 ddc  |c BK 
999 |c 47675  |d 47675 
952 |0 0  |1 0  |2 ddc  |4 0  |6 954_008829710000000_SEN  |7 0  |9 78804  |a SCL  |b SCL  |c GEN  |d 2026-02-03  |e Karim International  |g 2300.00  |l 0  |o 954.00882971 SEN  |p 3020045384  |r 2026-02-03  |t 2  |v 4600.00  |w 2026-02-03  |y BK  |x Requisitioned by Syed M Hashemi, PhD (Professor, School of General Education), for the course named - 'Emergence of Bangladesh (EMB-101)' 
952 |0 0  |1 0  |2 ddc  |4 0  |6 954_008829710000000_SEN  |7 0  |9 78805  |a SCL  |b SCL  |c GEN  |d 2026-02-03  |e Karim International  |g 2300.00  |l 0  |o 954.00882971 SEN  |p 3020045383  |r 2026-02-03  |t 1  |v 4600.00  |w 2026-02-03  |y BK  |x Requisitioned by Syed M Hashemi, PhD (Professor, School of General Education), for the course named - 'Emergence of Bangladesh (EMB-101)'